000 01844nam0a22003011 4500
001 v19\rc\1740867
005 20260406010654.0
035 _a(NLR Aleph) 005248128
090 _a5775500
_c5775500
100 _a20061204d1902 |||y0rusy50 ca
101 0 _arus
102 _aRU
105 _ay z |||ab
200 1 _aПьесы из детской жизни
_e"Том Сойер", комедия в 3 карт. из романа М. Твэна "Приключения Тома". "Во сне и наяву", комедия в 3-х картинах. "Рыцарь без страха и упрека", героич. эпизод в 2-х картинах их биографии Бертрана дю-Гесклена
205 _a2-е изд., доп.
210 _aСанкт-Петербург
_cтип. А.С. Суворина
_d1902
215 _aIV, 226, [1] с.
_d17
464 0 _12001#$aТом Сойер$eКомедия в 3 карт. из романа М. Твэна "Приключения Тома"$aВо сне и наяву$eКомедия в 3 карт.$aРыцарь без страха и упрека$eГероич эпизод в 2 карт. из биографии Бертрана дю-Гесклена
_1702#1$3RU\NLR\AUTH\77201$7ca$aТвен$bМ.$f1835-1910$gМарк$4570
_1702#1$aДюгеклен$bБ.$fок. 1320-1380$gБертран$4570
_tРыцарь без страха и упрека
532 1 3 _aПьесы из детской жизни
700 1 _8rus
_7ca
_aГлаголин
_bБ. С.
_f1879-1948
_gБорис Сергеевич
_3RU\NLR\AUTH\77116136
_999061
801 0 _aRU
_bNLR
_c20061204
_gpsbo
801 0 _aRU
_bRuMoRGB
_c20061204
_2psbo
801 1 _aRU
_bProSoft-M
_c20061204
_2rusmarc
801 2 _aRU
_bNLR
_c20121025
_2rusmarc
852 _aNLR
_j34.3.5.49
942 _cBOOK
980 _aNB